| 000 | 00973nam a22002417a 4500 | ||
|---|---|---|---|
| 999 |
_c165740 _d165740 |
||
| 005 | 20190628150104.0 | ||
| 010 | _aHIN-116380 | ||
| 020 |
_c395.00 _a9789388753616 |
||
| 035 | _aHN-88726 | ||
| 037 | _bDBAD | ||
| 037 | _bराजकमल प्रकाशन | ||
| 082 | _a303.4 | ||
| 100 | _aअनामिका | ||
| 245 |
_aपानी को सब याद था / _cअनामिका |
||
| 246 | _aPani ko sab yad tha / | ||
| 260 |
_aनई दिल्ली _bराजकमल प्रकाशन _c2019 |
||
| 270 |
_bनई दिल्ली _aबी -1,नेताजी सुभाष मार्ग , दरयागंज _e110002 |
||
| 300 |
_a166पृ. _c22सेमी(सजिल्द ) |
||
| 500 | _aराष्ट्रपति-2 | ||
| 650 | _x हिन्दी कविता | ||
| 700 |
_aद्रिवेदी, मुकुंद _977990 |
||
| 942 |
_2ddc _cHN _h821 _mअनामि |
||